Statistics for Fly Me to the Moon - Frank Sinatra (All Lyrics)

Click here to take the quiz!

General Stats

  • This quiz has been taken 2,146 times
  • The average score is 82 of 100

Answer Stats

Lyrics% Correct
Fly
100%
me
100%
me.
100%
moon.
100%
the
100%
to
100%
and
97%
Let
97%
let
97%
I
96%
stars.
96%
among
93%
Jupiter
92%
Mars.
92%
on
89%
see
89%
In
88%
in
88%
what
88%
You
88%
you.
88%
is
86%
like
86%
love
86%
other
86%
play
86%
words,
85%
words:
85%
my
81%
spring
77%
be
76%
hand.
73%
hold
73%
kiss
72%
for.
71%
please,
71%
sing
70%
true.
69%
heart
68%
with
68%
are
67%
all
65%
All
65%
baby,
65%
Fill
64%
more.
64%
adore.
62%
forever
62%
song.
62%
song
62%
worship
60%
long
59%

Score Distribution

Percentile by Number Answered

Percent of People with Each Score

Your Score History

You have not taken this quiz